1432 1250 1260 1011 1764 1513 1581 1085 1347 1108 1237 1463 1892 1018 1811 1853 1051 1444 1512 1213 1871 1904 1531 1233 1709 1815 1047 1929 1100 1953 1918 1153 1909 1281 1053 1696 1221 1376 1588 1630 1951 1244 1722 1937 1120 1734 1696 1007 1484 1024 1783 1462 1320 1757 1447 1206 1832 1396 1623 1376 1222 1781 1997 1522 1077 1018 1267 1865 1319 1496 1007 1164 1152 1393 1893 1518 1879 1031 1088 1356 1099 1025 1856 1955 1511 1942 1153 1358 1665 1081 1520 1672 1900 1273 1256 1153 1003 1723 1067 BCNSPRNW ULIB Ver.6.0+V

เปลี่ยนเป็นภาษาไทย

Change to English
 แสดงรายละเอียดบรรณานุกรม
  กลับหน้าหลัก

Brief Record : Get Marc (ISO 2709) : E-mail record : QR code < ปิดหน้าต่าง
LEADER : 00000nam 2200000uu 4500
001    13399109603
003     ULIB
008    110405s2547||||th 000 0 tha d
020    9749507029
060 04 WB537^bพ634น ล.1 2547
100 0  พิศิษฐ เบญจมงคลวารี
245 10 นวดเพื่อผ่อนคลายทั่วร่างกาย /^cโดย พิศิษฐ เบญจมงคลวารี ;บรรณาธิการ, ภัทรวัต เบญจมงคลวารี
250    พิมพ์ครั้งที่ 3
260    กรุงเทพฯ :^bหมอชาวบ้าน,^c2547
300    97 หน้า :^bภาพประกอบ ;^c21 ซม.
440    นวดไทยเพื่อสุขภาพ ;^vล.1
650  7 การนวด
700 0  ภัทรวัต เบญจมงคลวารี,^eบรรณาธิการ
945    ^p95^l0^i017781
945    ^p95^l0^i017780
995    ทศพร
999 ^a ใช้งานได้ทุกระบบ
รายการนี้ยังไม่มีแท็ก
คุณยังไม่ได้ล็อกอิน คุณสามารถมีกิจกรรมร่วมกับเว็บไซต์ได้ แต่ต้องล็อกอินก่อน ::
  ล็อกอิน

รายการสื่อสารสนเทศ

ลำดับที่ ประเภท เลขเรียก/บาร์โค้ด สถานที่ สถานะ
- ไม่พบข้อมูล -

รายการใกล้เคียง
    ผู้แต่ง [พิศิษฐ เบญจมงคลวารี]

    หัวเรื่อง [การนวด]

BibComment


ยังไม่เคยถูกคอมเมนท์

คอมเมนท์ทรัพยากรรายการนี้
  คอมเมนท์: นวดเพื่อผ่อนคลายท..


 Copyright 2026. Bcnsprnw @Library